[Event "Ibercaja op 11th"]
[Site "Zaragoza"]
[Date "1999.??.??"]
[Round "6"]
[White "De la Villa Garcia, Jesus Maria"]
[Black "Gonzalvo Lara, Victor"]
[Result "1-0"]
[WhiteElo "2475"]
[BlackElo "2041"]
[PlyCount "81"]
[EventDate "1999.04.??"]
[EventType "swiss"]
[EventRounds "9"]
[EventCountry "ESP"]
[SourceTitle "EXT 2000"]
[Source "ChessBase"]
[SourceDate "1999.11.16"]
[SourceVersion "1"]
[SourceVersionDate "1999.11.16"]
[SourceQuality "1"]

1. d4 Nf6 2. Bg5 e6 3. e4 h6 4. Bxf6 Qxf6 5. Nc3 Bb4 6. Qd2 d6 7. Nf3 Nc6 8. 0-0-0 Bd7 9. Kb1 0-0-0 10. Qe3 Kb8 11. h4 Rhe8 12. Bc4 Qe7 13. Bb3 Na5 14. Nd2 Nxb3 15. Nxb3 Bxc3 16. Qxc3 Ba4 17. Na5 d5 18. e5 b6 19. Rh3 Ka8 20. Nc6 Bxc6 21. Qxc6+ Kb8 22. Rg3 g6 23. Rf3 h5 24. Rf6 Rf8 25. Rd3 Qb4 26. c3 Qe7 27. Rdf3 Rc8 28. a3 a6 29. Ka2 Ka7 30. R3f4 Kb8 31. g3 Ka7 32. Rf3 Kb8 33. a4 a5 34. b4 axb4 35. a5 b3+ 36. Kxb3 Ka7 37. axb6+ cxb6 38. Qxc8 Rxc8 39. Rxf7 Rc7 40. Rxe7 Rxe7 41. Rf6 1-0